<?xml version="1.0" encoding="UTF-8"?>
<marc:record xmlns:marc="http://www.loc.gov/MARC21/slim">
   <marc:leader>00000nam a2200000 a 4500</marc:leader>
   <marc:datafield ind1="1" ind2=" " tag="100">
      <marc:subfield code="a">Cusk, Rachel</marc:subfield>
      <marc:subfield code="4">aut</marc:subfield>
      <marc:subfield code="e">Verfasser/-in</marc:subfield>
   </marc:datafield>
   <marc:datafield ind1="1" ind2=" " tag="100">
      <marc:subfield code="a">Hedinger, Sabine</marc:subfield>
      <marc:subfield code="4">trl</marc:subfield>
      <marc:subfield code="e">Übersetzer/-in</marc:subfield>
   </marc:datafield>
   <marc:datafield ind1=" " ind2=" " tag="653">
      <marc:subfield code="a">Mann</marc:subfield>
   </marc:datafield>
   <marc:datafield ind1=" " ind2=" " tag="653">
      <marc:subfield code="a">Midlife-Crisis</marc:subfield>
   </marc:datafield>
   <marc:datafield ind1=" " ind2=" " tag="653">
      <marc:subfield code="a">Ehefrau</marc:subfield>
   </marc:datafield>
   <marc:datafield ind1=" " ind2=" " tag="653">
      <marc:subfield code="a">Rollentausch</marc:subfield>
   </marc:datafield>
   <marc:datafield ind1=" " ind2=" " tag="653">
      <marc:subfield code="a">Familienleben</marc:subfield>
   </marc:datafield>
   <marc:datafield ind1=" " ind2=" " tag="653">
      <marc:subfield code="a">Identitätsfindung</marc:subfield>
   </marc:datafield>
   <marc:datafield ind1=" " ind2=" " tag="653">
      <marc:subfield code="a">Fiktionale Darstellung</marc:subfield>
   </marc:datafield>
   <marc:datafield ind1=" " ind2=" " tag="653">
      <marc:subfield code="a">Belletristische Darstellung</marc:subfield>
   </marc:datafield>
   <marc:datafield ind1="0" ind2="0" tag="245">
      <marc:subfield code="a">Die Bradshaw-Variationen</marc:subfield>
   </marc:datafield>
   <marc:datafield ind1="0" ind2="0" tag="245">
      <marc:subfield code="b">Roman</marc:subfield>
   </marc:datafield>
   <marc:datafield ind1="0" ind2="0" tag="245">
      <marc:subfield code="c">Rachel Cusk. Aus dem Engl. von Sabine Hedinger</marc:subfield>
   </marc:datafield>
   <marc:datafield ind1=" " ind2="1" tag="264">
      <marc:subfield code="a">Reinbek bei Hamburg</marc:subfield>
      <marc:subfield code="b">Rowohlt</marc:subfield>
      <marc:subfield code="c">2011</marc:subfield>
   </marc:datafield>
   <marc:datafield ind1=" " ind2=" " tag="250">
      <marc:subfield code="a">1. Aufl.</marc:subfield>
   </marc:datafield>
   <marc:datafield ind1="1" ind2=" " tag="520">
      <marc:subfield code="a">Angaben aus der Verlagsmeldung

Die Bradshaw-Variationen / von Rachel Cusk

Seitdem Thomas Bradshaw aus dem Arbeitsleben ausgestiegen ist, um sich um seine achtjährige Tochter zu kümmern, lernt er Klavierspielen, was ihm in den schwierigen mittleren Jahren über die Runden hilft. Seine Frau Tonie hat indessen eine überaus fordernde Vollzeitstelle an der

Universität angenommen – ein Rollentausch, der, vom Rest der Familie misstrauisch beäugt, bald zu komischen und auch zu tragischen Verwicklungen führt. Denn Thomas besorgt zwar regelmäßig frische Blumen fürs «Musikzimmer», teure italienische Schuhe für die Tochter,

vertieft sich in die Goldberg-Variationen.

Aber in Fragender Haushaltsführung ist er eher Ach als Bach.

Tonie hat dagegen mit ganz anderen Herausforderungen zu kämpfen:

mit einem Vorgesetzten, der sie auf sehr subtile Weise klein hält, mit den Annäherungsversuchen eines jüngeren Kollegen – und, nicht zuletzt, den missbilligenden Blicken der ultrakonservativen Eltern.

Mühelos fügen sich in den Bradshaw-Variationen Gedanklichkeit, Humor und Gefühl zu einem musikalischen Ganzen, einem Familienroman, der «subtil ist und scharfsinnig, bewegend und reich an Beobachtungen, die einen aufseufzen, lachen oder vor lauter Wiedererkennen zusammenzucken lassen».

The Independent
</marc:subfield>
   </marc:datafield>
   <marc:datafield ind1=" " ind2=" " tag="020">
      <marc:subfield code="a">9783498009342</marc:subfield>
      <marc:subfield code="9">9783498009342</marc:subfield>
   </marc:datafield>
   <marc:datafield ind1=" " ind2=" " tag="041">
      <marc:subfield code="a">ger</marc:subfield>
   </marc:datafield>
   <marc:datafield ind1=" " ind2=" " tag="300">
      <marc:subfield code="a">285 S.</marc:subfield>
   </marc:datafield>
</marc:record>
